Plan para perficionar los estudios de cirugía / (Record no. 103042)

MARC details
000 -LEADER
campo de control de longitud fija 00671nam a2200205 i 4500
001 - NÚMERO DE CONTROL
campo de control 103042
003 - IDENTIFICADOR DE NÚMERO DE CONTROL
campo de control ES-MaACL
005 - FECHA Y HORA DE LA ÚLTIMA TRANSACCIÓN
campo de control 20250806084017.0
007 - CAMPO FIJO DE DESCRIPCIÓN FÍSICA--INFORMACIÓN GENERAL
campo de control de longitud fija t|
008 - DATOS DE LONGITUD FIJA--INFORMACIÓN GENERAL
campo de control de longitud fija 060104s1790 sp ||||1| spa d
080 ## - NÚMERO DE LA CLASIFICACIÓN DECIMAL UNIVERSAL
Número de la Clasificación Decimal Universal 37(467.51 M.)"17":617
080 ## - NÚMERO DE LA CLASIFICACIÓN DECIMAL UNIVERSAL
Número de la Clasificación Decimal Universal 617:37(467.51 M.)"17"
100 1# - ENTRADA PRINCIPAL--NOMBRE DE PERSONA
Nombre de persona Puig, Francisco.
9 (RLIN) 94226
245 10 - MENCIÓN DEL TÍTULO
Título Plan para perficionar los estudios de cirugía /
Mención de responsabilidad, etc. que da a luz Don Francisco Puig...
260 ## - PUBLICACIÓN, DISTRIBUCIÓN, ETC.
Lugar de publicación, distribución, etc. Mallorca :
Nombre del editor, distribuidor, etc. en la Imprenta de Thomas Amorós,
Fecha de publicación, distribución, etc. 1790.
300 ## - DESCRIPCIÓN FÍSICA
Extensión 53 p. ;
Dimensiones 20 cm.
650 14 - PUNTO DE ACCESO ADICIONAL DE MATERIA--TÉRMINO DE MATERIA
Término de materia o nombre geográfico como elemento de entrada Cirugía-
Subdivisión general Enseñanza-
Subdivisión geográfica Mallorca
9 (RLIN) 11052
852 ## - LOCALIZACIÓN
Ubicación ES-MaACL
Número de control de estantería R-3430(2)
Holdings
Estatus retirado Estado de pérdida Estado de daño No para préstamo Colección Biblioteca de origen Biblioteca actual Ubicación en estantería Fecha de adquisición Fuente de adquisición Total de préstamos Signatura topográfica completa Código de barras Visto por última vez Precio de reemplazo Tipo de ítem Koha
        Libros del s. XVIII Biblioteca del Ateneo de Madrid Biblioteca del Ateneo de Madrid Depósito 17/01/2008     R-3430(2) 1107599 23/02/2023 23/02/2023 Libro impreso antiguo